El proceso de contraloría social en la gestión pública. Caso: Ministerio del Poder Popular para la Participación y Protección Social. Año 2008 (Registro nro. 1128)
[ vista simple ]
| 000 -CABECERA | |
|---|---|
| campo de control de longitud fija | 02133nam a22002057a 4500 |
| 001 - NÚMERO DE CONTROL | |
| campo de control | T027600013352 |
| 008 - DATOS DE LONGITUD FIJA--INFORMACIÓN GENERAL | |
| campo de control de longitud fija | 181014b xve||||| m 0 e0p | esp |
| 040 ## - FUENTE DE LA CATALOGACIÓN | |
| Centro catalogador/agencia de origen | FEVP |
| Centro/agencia transcriptor | FEVP |
| 041 ## - CÓDIGO DE LENGUA | |
| Código de lengua del texto/banda sonora o título independiente | spa |
| 099 ## - SIGNATURA TOPOGRÁFICA LOCAL | |
| Sigla especial | EVP T-G.P. |
| Cutter | H557 |
| Fecha | 2008 |
| 100 ## - ENTRADA PRINCIPAL--NOMBRE DE PERSONA | |
| Apellido (s), Nombre (s) | Hernández, Marjorie |
| 245 ## - MENCIÓN DE TÍTULO | |
| Título | El proceso de contraloría social en la gestión pública. Caso: Ministerio del Poder Popular para la Participación y Protección Social. Año 2008 |
| 260 ## - PUBLICACIÓN, DISTRIBUCIÓN, ETC. (PIE DE IMPRENTA) | |
| Fecha de publicación, distribución, etc. | Octubre 2008 |
| 300 ## - DESCRIPCIÓN FÍSICA | |
| Extensión | ii, 73 pp. |
| 500 ## - NOTA GENERAL | |
| Nota general | Impreso |
| 502 ## - NOTA DE TESIS | |
| Nota de tesis | TESIS -- Especialista, Especialista en Gerencia Pública |
| 520 ## - NOTA DE RESUMEN, ETC. (R) | |
| Sumario, etc. | El objetivo primordial del presente trabajo especial de grado para obtener el título de Especialista en Gerencia Pública, evaluar las funciones asociadas al seguimiento y evaluación de la gestión pública y su vinculación con el proceso de contraloría social de las Oficinas de Atención al Ciudadano del Ministerio del Poder Popular para la Participación y Protección Social, a partir de los resultados de la gestión del año 2008. En el desarrollo del mismo se analizó el marco jurídico venezolano que fundamenta la participación ciudadana en el control de gestión pública. El trabajo se realizó mediante una investigación de campo, con un proceso de revisión documental como soporte que constituya el marco referencial de las variables definidas en el problema y sustentadas en el marco legal correspondiente. Dado el tipo de investigación y por poseer un carácter documental y de campo se recurrirá al análisis de contenido como medida de exploración de la información necesaria, tanto para la interpretación del material bibliográfico como para el análisis de las entrevistas realizadas. Una vez concluido el proceso de investigación este trabajo servirá para orientar y adecuar las oficinas de atención al ciudadano a lo establecido en la Ley Contra la Corrupción. El trabajo está dirigido a estudiantes de gerencia pública, gerentes, jefes y funcionarios públicos y a todas aquellas personas que se interesen en el área. |
| 700 ## - PUNTO DE ACCESO ADICIONAL--NOMBRE DE PERSONA | |
| Nombre de persona | Contreras Brito, Elynayohéc |
| Término indicativo de función/relación | Tutor Académico |
| 942 ## - ELEMENTOS DE PUNTO DE ACCESO ADICIONAL (KOHA) | |
| Tipo de ítem Koha | Tesis |
| Estado de retiro | Estado de pérdida | Fuente del sistema de clasificación o colocación | Estado dañado | No para préstamo | Localización permanente | Ubicación/localización actual | Fecha de adquisición | Total de préstamos | Signatura topográfica completa | Código de barras | Fecha visto por última vez | Precio válido a partir de | Tipo de ítem Koha |
|---|---|---|---|---|---|---|---|---|---|---|---|---|---|
| Oscar Varsavsky | Oscar Varsavsky | 31.10.2018 | EVP T-G.P. H557 2008 | T027600017081 | 31.10.2018 | 31.10.2018 | Tesis |